000 00792nam a2200265Ia 4500
005 20250117103611.0
008 008 250103s9999 xx 000 0 eng d
020 _a9781119279358
037 _aTextual
040 _aCSL
_beng
_cCSL
041 _aeng
_2eng
084 _aG:5 P6;R1-;4 TK
_qCSL
100 _aBegon, Michael
_9712954
245 0 _aEcology: From individulas to ecosystems
_cBegon, Michael; Townsend, Colin R
250 _a5th
260 _aWest Sussex
_bWiley Blackwell
_c2021
300 _axiii, 844p. col. ill.
650 _a Food Webs
_9710830
650 _a Interspecific competition
_9734164
650 _a Resources
650 _aZoology
700 _a Townsend, Colin R
942 _cTEXL
_hG:5 P6;R1-;4 TK
999 _c1237843
_d1237843